000 00337nam a2200145Ia 4500
008 150201s1991 xx 000 0 und d
082 _a611.018
_bH1991S
100 _aSTEVENS ALAN
245 _aHISTOLOGY
250 _a1ST
260 _bMOSBY
_aLONDON (ENGLAND)
_c1991
300 _a1-378
650 _aHUMAN HISTOLOGY
942 _2ddc
_cBK
999 _c2620
_d2620